Gaming Quiz

Random Gaming or Video Games Quiz

Shadow Hearts Skills Quiz Stats

 Plays Quiz not verified by Sporcle

Challenge
Share
Tweet
Embed
Score 0/60 Timer 12:00
0 Plays Today
Skill % Correct
Mad Bull
85.7%
Amon
85.7%
Seraphic Radiance
85.7%
Cure
85.7%
Holy Edge
85.7%
Arc
85.7%
Czernobog
71.4%
Raging Tiger
71.4%
Blessed Light
71.4%
Wish
71.4%
Advent
71.4%
Corpse Arm
71.4%
Grenade
71.4%
Aqua Edge
71.4%
Snipe
71.4%
Air Edge
71.4%
Death Emperor
57.1%
Baldo
57.1%
Lobo
57.1%
Ifrit
57.1%
Man Dragon
57.1%
Resurrection
57.1%
Nourishing Potion
57.1%
Scout
57.1%
Drain Touch
57.1%
Earth Edge
57.1%
Hecatoncheire
57.1%
Apsaras
57.1%
Gift
57.1%
Healing
57.1%
Skill % Correct
Black Hole
57.1%
Charon
42.9%
Heaven's Fiend
42.9%
Sandolphin
42.9%
Seravi
42.9%
Gospel
42.9%
Flames of Fudo
42.9%
Pain Killer
42.9%
On Switch
42.9%
Bazooka
42.9%
Shock Max
42.9%
Tornado
28.6%
Icarus
28.6%
Ogre Flamedance
28.6%
Scirocco Blast
28.6%
Life Sucker
28.6%
Fury Serpent
28.6%
Diving Bomber
28.6%
Bat Dance
28.6%
Blood Sucker
28.6%
Strong Earth
28.6%
Forron
14.3%
Dragner
14.3%
Aqua Blade
14.3%
Air Shot
14.3%
Reviver
14.3%
Inferno
0%
Egil
0%
Thunder Roar
0%
Larva
0%

You're not logged in!

Compare scores with friends on all Sporcle quizzes.
Join for Free
OR
Log In

You Might Also Like...

Show Comments

Extras

Created Dec 28, 2010ReportNominate
Tags:Video Games Quiz, skillset

Top Quizzes Today


Score Distribution

Your Account Isn't Verified!

In order to create a playlist on Sporcle, you need to verify the email address you used during registration. Go to your Sporcle Settings to finish the process.

Report this User

Report this user for behavior that violates our Community Guidelines.

Details: